00418nam a22001337a 4500008004100000040005500041080002100096245005100117260004600168300001000214650001400224653002500238700002100263230328b |||||||| |||| 00| 0 eng d aNational Science LibrarycNational Science Library aR 92+66][03]bL7 aWho's Who & the chemical industry: bFact book aBombay: bIndustrial Publications, c1977 a309p. aGeography aResearch institution aShah, Jasu (Ed.)